00325nam a2200133Ia 4500008004100000041000800041082001300049100001400062245001900076260002900095300000800124365001600132700004300148230718s9999 xx 000 0 und d aeng a658bCER aCerejo L. aMarketing .Com c2000bB.P.B. Publication a220 cRs.b150.00 aCerejo L .& KoTechnical Book Servicesa